000
00244nam a2200097Ia 4500
001
737773
005
20250826163938.0
008
250824s9999 xx 000 0 und d
245
0
_a
ISSIZ ADANIN KRALI
_c
MİCHAEL MORPURGO
260
_b
TUDEM YAYINLARI
999
_c
737773
_d
737773